000 00805nam a2200229Ii 4500
003 JO-AjNU
008 230605s9999||||xx |||||||||||||| ||und||
017 _a11329
020 _a978-977-308-652-7
040 _aJO-AjNU
_bara
_erda
_cJO-AjNU
041 _aara
050 1 4 _aHD49.2019
100 3 _aهنطش، عصام محمود حسن، م مشارك ابراهيم جابر السيد احمد ,
_eauthor
_961912
245 0 0 _aادارة الضغوط ومعادلة التوترات
250 _aط1
264 3 1 _aدسوق: دار العلم والايمان للنشر والتوزيع، 2019
300 _a344ص
336 _atext
_btxt
_2rdacontent
337 _aunmediated
_bn
_2rdamedia
338 _avolume
_bnc
_2rdacarrier
650 4 _aالتسويق-ادارة المبيعات
_961913
999 _aA28009
_c31577
_d31577